Capitals of 1st-level subdivisions in Sweden from east to west - Statistics

General Stats
  • This quiz has been taken 10 times
  • The average score is 21 of 23
Answer Stats
Longitude (DD) Answer % Correct
11 15.63 Falun
100%
7 17.14 Gävle
100%
23 11.97 Göteborg
100%
17 14.16 Jönköping
100%
10 16.37 Kalmar
100%
13 15.59 Karlskrona
100%
19 13.50 Karlstad
100%
12 15.62 Linköping
100%
1 22.15 Luleå
100%
20 13.00 Malmö
100%
8 17.01 Nyköping
100%
14 15.21 Örebrö
100%
16 14.64 Östersund
100%
4 18.07 Stockholm
100%
2 20.26 Umeå
100%
6 17.64 Uppsala
100%
9 16.54 Västerås
100%
3 18.30 Visby
100%
21 12.86 Halmstad
80%
5 17.94 Härnösand
80%
15 14.80 Växjö
80%
18 14.16 Kristianstad
60%
22 12.33 Vänersborg
40%
No matching quizzes found
Score Distribution
Percent of People with Each Score
Percentile by Number Answered
Your Score History
You have not taken this quiz